MESTSKÁ KNIŽNICA GIRALTOVCE  - online katalóg 

Pokrvný brat (Record no. 10536)

000 -NÁVESTIE
fixed length control field 00627nam a2200217 a 4500
008 - ÚDAJE S PEVNOU DĹŽKOU – VŠEOBECNÉ INFORMÁCIE
fixed length control field 960124s1974||||xx 0 slo c
040 ## - ZDROJ KATALOGIZÁCIE
Pôvodná katalogizujúca agentúra SNK
Jazyk katalogizácie slo
Prepisujúca agentúra SNK
Konvencie popisu AACR2
041 1# - KÓD JAZYKA
Kód jazyka textu/zvukovej stopy alebo samostatných nápisov slo
020 ## - MEDZINÁRODNÉ ŠTANDARDNÉ ČÍSLO KNIHY (ISBN)
Údaje o dostupnosti 38
044 ## - KÓD KRAJINY VYDAVATEĽA/PRODUCENTA
Kód krajiny MARC xo
Kód krajiny ISO SK
100 1# - OSOBNÉ MENÁ – VŠEOBECNÉ INFORMÁCIE
Osobné meno Arnold, Elliot
Kód roly aut
245 10 - NÁZOV
Názov Pokrvný brat
Údaj o zodpovednosti atď. Elliott Arnold ; Prel. Karol Dlouhý ; Ilustr. Miloš Urbánek
250 ## - ÚDAJ O PORADÍ VYDANIA
Údaj o poradí vydania 1. vyd.
260 ## - VYDAVATEĽSKÉ ÚDAJE, DISTRIBÚCIA ATĎ.
Miesto publikovania, distribúcie atď. Bratislava
Názov vydavateľa, distibútora atď. Smena
Dátum publikovania, distribúcie atď. 1974
Miesto výroby S.l.Pravda
Výrobca Pravda
300 ## - FYZICKÝ POPIS
Rozsah 498, [3] s.
Ďalšie fyzické detaily [8] obr. príl.
Rozmery
490 0# - EDÍCIA
Edícia Máj
Zväzok/sekvenčné označenie zv. 237
700 1# - PRIDANÝ VSTUP – OSOBNÉ MENO
Osobné meno Dlouhý, Karol
Kód roly trl
700 1# - PRIDANÝ VSTUP – OSOBNÉ MENO
Osobné meno Urbánek, Miloš
Kód roly ill
765 0# - VÄZBA NA PÔVODNÝ JAZYK
Názov Blood Brother ...
958 ## - Formálny deskriptor
Formálny deskriptor A
Holdings
Stav stiahnutia (Blokovanie) (Withrawn status) Stav straty Stav poškodenia (Damaged status) Nie pre výpožičky (Not for loan) Spôsob nadobudnutia (Collection code) Trvalé umiestnenie Aktuálne umiestnenie Dátum nadobudnutia Náklady, bežná kúpna cena Inventárne číslo (prírastkové číslo) Full call number Dátum posledného výskytu Cena s účinnosťou od Typ jednotky Koha
        Kúpa Mestská knižnica Giraltovce Mestská knižnica Giraltovce 2019-11-29 38.00 09909 B 4088 2019-11-29 2019-11-29 Krásna literatúra pre dospelých

Powered by Koha